000 00417nam a2200169Ia 4500
008 230524s9999 xx 000 0 und d
020 _a9788120332935
082 _a658.8343
_bSOL
100 _aMichael R.Solomon
245 0 _aConsumer Behaviour : Buying Having & Being
250 _a7TH
260 _aSOL
_bPHI
_c2007
300 _aX;633
500 _aQuantity Number: 10
650 _aManagement
942 _cBK
999 _c43086
_d43086